AH International Schools' Libraries

Hedgehog goes to kindergarten / (Record no. 27316)

MARC details
000 -LEADER
fixed length control field 01275cam a22003377a 4500
001 - CONTROL NUMBER
control field 16933595
005 - DATE AND TIME OF LATEST TRANSACTION
control field 20181002123504.0
008 - FIXED-LENGTH DATA ELEMENTS--GENERAL INFORMATION
fixed length control field 110824s2011 nyua j 000 1 eng d
010 ## - LIBRARY OF CONGRESS CONTROL NUMBER
LC control number 2011283862
035 ## - SYSTEM CONTROL NUMBER
System control number (OCoLC)741521611
040 ## - CATALOGING SOURCE
Original cataloging agency DLC
Transcribing agency DLC
042 ## - AUTHENTICATION CODE
Authentication code lccopycat
050 00 - LIBRARY OF CONGRESS CALL NUMBER
Classification number PZ7.L99526
Item number He 2011
082 00 - DEWEY DECIMAL CLASSIFICATION NUMBER
Classification number [E]
Edition number 23
100 0# - MAIN ENTRY--PERSONAL NAME
Personal name Lynne Marie.
9 (RLIN) 60652
245 10 - TITLE STATEMENT
Title Hedgehog goes to kindergarten /
Statement of responsibility, etc by Lynne Marie ; illustrated by Anne Kennedy.
260 ## - PUBLICATION, DISTRIBUTION, ETC. (IMPRINT)
Place of publication, distribution, etc New York. :
Name of publisher, distributor, etc Scholastic,
Date of publication, distribution, etc c2011.
300 ## - PHYSICAL DESCRIPTION
Extent 1 v. (unpaged) :
Other physical details col. ill. ;
Dimensions 26 cm.
500 ## - GENERAL NOTE
General note "This edition is available for distribution only through the school market"--P. [4] of cover.
520 ## - SUMMARY, ETC.
Summary, etc Spike the hedgehog has a hard time finding a school bus buddy.
650 #0 - SUBJECT ADDED ENTRY--TOPICAL TERM
Topical term or geographic name as entry element Kindergarten
Form subdivision Juvenile fiction.
9 (RLIN) 60653
650 #0 - SUBJECT ADDED ENTRY--TOPICAL TERM
Topical term or geographic name as entry element Hedgehogs
Form subdivision Juvenile fiction.
9 (RLIN) 42844
650 #0 - SUBJECT ADDED ENTRY--TOPICAL TERM
Topical term or geographic name as entry element School buses
Form subdivision Juvenile fiction.
9 (RLIN) 60654
650 #0 - SUBJECT ADDED ENTRY--TOPICAL TERM
Topical term or geographic name as entry element Friendship
Form subdivision Juvenile fiction.
9 (RLIN) 60655
655 #0 - INDEX TERM--GENRE/FORM
Genre/form data or focus term Picture books for children.
9 (RLIN) 60660
700 1# - ADDED ENTRY--PERSONAL NAME
Personal name Kennedy, Anne,
Dates associated with a name 1955-
Relator term ill.
9 (RLIN) 60661
906 ## - LOCAL DATA ELEMENT F, LDF (RLIN)
a 7
b cbc
c copycat
d 2
e ncip
f 20
g y-gencatlg
942 ## - ADDED ENTRY ELEMENTS (KOHA)
Source of classification or shelving scheme
Holdings
Withdrawn status Lost status Source of classification or shelving scheme Damaged status Not for loan Home library Current library Date acquired Total Checkouts Full call number Barcode Date last seen Date checked out Price effective from Koha item type
          Asian Hope Primary Library Asian Hope Primary Library 06/05/2013 5 E MAR 92158 06/07/2023 10/19/2020 06/05/2013 Book

For any Logos Library related questions please contact Miss Art at swongnarasuk@asianhope.org.

For any Asian Hope Library related questions please contact Miss Raza at graza@asianhope.org.

Click here to explore our ebooks!

Powered by Koha